| 000 | 04271cam a22013094i 4500 | ||
|---|---|---|---|
| 003 | PE-LiUPU | ||
| 005 | 20250813185626.0 | ||
| 008 | 150706s2013 pe a rb 000 0 spa d | ||
| 020 | _a9786124640001 | ||
| 035 | _a(Sirsi) i9786124640001 | ||
| 040 |
_aPE-LiUPU _bspa _cPE-LiUPU _erda |
||
| 049 | _aPRUA | ||
| 082 | 0 | 4 |
_a332.024.01 _bL37 _221 |
| 082 | 0 | 4 |
_a332.024 _bL37 2013 |
| 100 | 1 |
_aLeerner Geller, Adela, _eautor. |
|
| 245 | 1 | 0 |
_aDinero eficiente : _bdónde, cuándo, cómo invertir con éxito / _cAdela Lerner Geller. |
| 264 | 1 |
_aLima : _bAdela Lerner Geller con éxito, _c2013. |
|
| 300 |
_a285 páginas : _bilustraciones ; _c23 centímetros. |
||
| 336 |
_atext _2rdacontent |
||
| 337 |
_aunmediated _2rdamedia |
||
| 338 |
_avolume _2rdacarrier |
||
| 504 | _aIncluyue bibliografía. | ||
| 505 | 0 | _aAhorro e inversión -- El ahorro -- Manejo del gasto -- Inversiones -- Clases de inversión y tipos de inversionistas -- Objetivos de un portfolio -- Riesgos -- Clases de activos -- Bines raíces -- Obras de arte y artículos coleccionables -- Metales preciosos.- - Renta fija -- Renta variable -- Construcción de portafolios -- Técnicas e análisis de inversión -- Análisis fundamental -- Análisis técnico -- Mercados eficientes -- Manejo de portafolio -- Cálculos de rentabilidad -- Cálculos de riesgos y rentabilidad -- Modelos de valuación de arteras. | |
| 526 | _aP202 | ||
| 526 | _aP201 | ||
| 526 | _aP163 | ||
| 526 | _aP162 | ||
| 526 | _aP161 | ||
| 526 | _aP160 | ||
| 526 | _aP148 | ||
| 526 | _aP147 | ||
| 526 | _aP146 | ||
| 526 | _aP145 | ||
| 526 | _aP144 | ||
| 526 | _aP143 | ||
| 526 | _aP142 | ||
| 526 | _aP141 | ||
| 526 | _aP140 | ||
| 526 | _aP139 | ||
| 526 | _aP138 | ||
| 526 | _aP137 | ||
| 526 | _aP136 | ||
| 526 | _aP135 | ||
| 526 | _aP134 | ||
| 526 | _aP133 | ||
| 526 | _aP129 | ||
| 526 | _aP128 | ||
| 526 | _aP127 | ||
| 526 | _aP120 | ||
| 526 | _aP119 | ||
| 526 | _aP118 | ||
| 526 | _aP116 | ||
| 526 | _aP115 | ||
| 526 | _aP114 | ||
| 526 | _aP110 | ||
| 526 | _aP109 | ||
| 526 | _aP108 | ||
| 526 | _aP104 | ||
| 526 | _aP103 | ||
| 526 | _aP102 | ||
| 526 | _aP99 | ||
| 526 | _aP98 | ||
| 526 | _aP97 | ||
| 526 | _aP96 | ||
| 526 | _aP95 | ||
| 526 | _aP93 | ||
| 526 | _aP90 | ||
| 526 | _aP89 | ||
| 526 | _aP88 | ||
| 526 | _aP83 | ||
| 526 | _aP82 | ||
| 526 | _aP62 | ||
| 526 | _aP59 | ||
| 526 | _aP58 | ||
| 526 | _aP57 | ||
| 526 | _aP51 | ||
| 526 | _aP49 | ||
| 526 | _aP48 | ||
| 526 | _aP47 | ||
| 526 | _aP29 | ||
| 526 | _aP24 | ||
| 526 | _aP20 | ||
| 526 | _aP19 | ||
| 526 | _aP17 | ||
| 526 | _aP15 | ||
| 526 | _aP14 | ||
| 526 | _aP12 | ||
| 526 | _aP10 | ||
| 526 | _aP09 | ||
| 526 | _aP08 | ||
| 526 | _aP07 | ||
| 526 | _aP06 | ||
| 526 | _aP05 | ||
| 526 | _aP04 | ||
| 526 | _aP01 | ||
| 541 | _g030-0014456; | ||
| 541 | _g030-0014456; | ||
| 650 | 0 | 4 | _aFinazas personales. |
| 650 | 0 | 4 | _aInversiones. |
| 910 |
_agl _cng _d20130718 |
||
| 910 |
_btqv _cwelc _d20161109 |
||
| 942 |
_2ddc _cBOOK |
||
| 949 |
_a332.024.01 L37 _wDEWEY _c1 _i68125 _lCCODEBUL1 _mBUL _p16.00 _r0 _sY _tBOOK _u2015-7-6 _xFCE _PP04 _o.STAFF. Colección General |
||
| 949 |
_a332.024.01 _wDEWEY _c2 _i68126 _lCCODEBUL1 _mBUL _p16.00 _r0 _sY _tBOOK _u2015-7-6 _xFCE _PP04 _o.STAFF. Colección General |
||
| 949 |
_a332.024 L37 2013 _wDEWEY _c1 _iFJ04014 _lCCODEBUJ1 _mBUJ _p17.00 _r0 _sY _tBOOK _u2016-11-09 _xFCE _PP04 _0COMPRA _o.STAFF. Colección General Juliaca |
||
| 994 |
_aC0 _bPEPRU |
||
| 596 | _a1 3 | ||
| 999 |
_a332.02401 L37 _wDEWEY _c55561 _i68125 _f2021-11-5 _g6 _lCCODEBUL1 _mBUL _p16.00 _r0 _sY _tBOOK _u2015-7-6 _xFCE _PP04 _0COMPRA _o.STAFF. Colección General _d55561 |
||
| 999 |
_a332.02401 L37 _wDEWEY _c2 _i68126 _d2017-11-9 _e2017-11-7 _f2021-11-5 _g6 _lCCODEBUL1 _mBUL _n1 _p16.00 _r0 _sY _tBOOK _u2015-7-6 _xFCE _PP04 _0COMPRA _o.STAFF. Colección General |
||
| 999 |
_a332.024 L37 2013 _wDEWEY _c1 _iFJ04014 _d2020-2-12 _e2020-2-7 _f2022-1-18 _g4 _lCCODEBUJ1 _mBUJ _n4 _p16.00 _q8 _r0 _sY _tBOOK _u2015-10-12 _xFCE _PP04 _0COMPRA _o.STAFF. Colección General Juliaca |
||
| 980 |
_81 _gALBERTO SANCHEZ Responsable de Automatización |
||